[Event "2nd President's Cup"]
[Site "Baku AZE"]
[Date "2007.05.10"]
[Round "8"]
[White "Abbasov,F"]
[Black "Van Wely,L"]
[Result "0-1"]
[WhiteElo "2509"]
[BlackElo "2674"]

1.Nf3 Nf6 2.c4 e6 3.Nc3 d5 4.d4 c6 5.e3 Nbd7 6.b3 Bb4 7.Bd2 Qe7 8.Bd3 e5
9.Bc2 e4 10.Ng1 Nf8 11.Nge2 Ng6 12.cxd5 cxd5 13.a3 Bxa3 14.Nb5 Bd6 15.Nxa7 Nh4
16.Nxc8 Rxc8 17.Kf1 Ng4 18.Nf4 Qg5 19.g3 Nf3 20.h4 Qf5 21.Bb1 Qd7 22.Kg2 Bxf4
23.exf4 O-O 24.Bb4 Rfe8 25.Ra4 b6 26.Ba3 h5 27.Qe2 Nh6 28.Bb2 Qg4 29.Kf1 Re6
30.Rb4 Rec6 31.Qd1 e3 32.Bd3 Nd2+ 33.Kg2 Qxd1 34.Rxd1 Ng4 35.Bf5 Nxf2 36.Re1 Re8
37.Bd7 Nd3 38.Re2 Nxb4 39.Bxe8 Rc2 40.Ba3 Nxb3 41.Kf1 Rxe2  0-1

[Event "TCh-RUS"]
[Site "Sochi RUS"]
[Date "2007.05.10"]
[Round "9"]
[White "Rychagov,A"]
[Black "Yakovich,Yur"]
[Result "1/2-1/2"]
[WhiteElo "2571"]
[BlackElo "2600"]

1.d4 d5 2.c4 e6 3.Nf3 Nf6 4.Nc3 c6 5.e3 Nbd7 6.Bd3 dxc4 7.Bxc4 b5 8.Bd3 a6
9.a3 c5 10.O-O Bb7 11.Qe2 Bd6 12.Bc2 Qc7 13.dxc5 Bxc5 14.e4 O-O 15.Be3 Bd6
16.h3 Ne5 17.Nd2 Ng6 18.Rac1 Rac8 19.Bb1 Qb8 20.Nb3 b4 21.axb4 Bxb4 22.Nd2 Rfd8
23.Na2 Rxc1 24.Rxc1 Nf4 25.Qe1 Ba5 26.b4 Bc7 27.Qf1 Be5 28.Kh1 Qa8 29.Rc4 h6
30.Nc3 g5 31.Bxf4 Bxf4 32.Nf3 Rd7 33.g3 Bc7 34.Qe2 Bb6 35.Kh2 Qd8 36.e5 Bxf3
37.Qxf3 Rd2 38.Ne2 Nd7 39.Qe4 Nf8 40.Kg2 Rb2 41.Bd3 Rd2 42.Bb1 Rb2 43.Bd3 Rd2
44.Bb1  1/2-1/2

[Event "Mitropa Cup Men"]
[Site "Szeged HUN"]
[Date "2007.05.10"]
[Round "3"]
[White "Le Roux,JP"]
[Black "Martinovic,Sa"]
[Result "1/2-1/2"]
[WhiteElo "2447"]
[BlackElo "2400"]

1.d4 d5 2.Nf3 Nf6 3.c4 c6 4.Nc3 e6 5.e3 a6 6.c5 Nbd7 7.b4 g6 8.Be2 Bg7 9.O-O O-O
10.Bb2 Qc7 11.a4 e5 12.b5 exd4 13.exd4 Ne4 14.Nxe4 dxe4 15.Nd2 Nf6 16.Nc4 Be6
17.Re1 axb5 18.axb5 cxb5 19.Nd6 b6 20.Nxb5 Qc6 21.Rc1 Ra5 22.Nd6 bxc5 23.dxc5 Rxc5
24.Rxc5 Qxc5 25.Bxf6 Bxf6 26.Nxe4  1/2-1/2

[Event "Mitropa Cup Men"]
[Site "Szeged HUN"]
[Date "2007.05.11"]
[Round "4"]
[White "Feller,S"]
[Black "Petr,Ma"]
[Result "1/2-1/2"]
[WhiteElo "2445"]
[BlackElo "2443"]

1.d4 e6 2.c4 d5 3.Nf3 Nf6 4.Nc3 c6 5.e3 Nbd7 6.Bd3 dxc4 7.Bxc4 b5 8.Bd3 Bd6
9.O-O O-O 10.Bd2 e5 11.Ne4 Nxe4 12.Bxe4 Bb7 13.dxe5 Nxe5 14.Nxe5 Bxe5 15.Qh5 g6
16.Qxe5 Re8 17.Qf4 Qxd2 18.Rad1 Qb4 19.Rd7 Re7 20.Bxc6 Qxf4 21.exf4 Rxd7
22.Bxd7 Rd8 23.Bxb5 Rd2 24.Bc4 Rxb2 25.Rd1 Rb4 26.Bb3 a5 27.Rd7 Bc6 28.Ra7 Bd5
29.Rxa5 Bxb3 30.axb3 Rxb3 31.g3 f5 32.Ra7 Rb2 33.Kg2 Rc2 34.h3 h5 35.Rd7 Rc3
36.Re7 Ra3 37.Re3 Ra2 38.Rd3 Kf7 39.Kf3 Ke6 40.Re3+ Kf7 41.Re2 Ra3+ 42.Kg2 Rb3
43.f3 Rb4 44.Rd2 Ke6 45.Kf2 Ra4 46.Ke3 Ra3+ 47.Kf2 Ra4 48.Rd3 Ra2+ 49.Kf1 Ra1+
50.Kf2  1/2-1/2

[Event "Mitropa Cup Men"]
[Site "Szeged HUN"]
[Date "2007.05.11"]
[Round "4"]
[White "Kraemer,Mart"]
[Black "Doric,D"]
[Result "1/2-1/2"]
[WhiteElo "2424"]
[BlackElo "2482"]

1.d4 d5 2.c4 e6 3.Nc3 c6 4.e3 Nf6 5.Nf3 a6 6.b3 Bb4 7.Bd2 Nbd7 8.Bd3 O-O
9.O-O Bd6 10.e4 dxc4 11.bxc4 e5 12.c5 Bc7 13.Na4 exd4 14.Bg5 Re8 15.Re1 h6
16.Bh4 Ne5 17.Nxe5 Bxe5 18.Nb6 Ra7 19.Nc4 Qc7 20.Nxe5 Qxe5 21.Rc1 Qh5 22.Bg3 Qxd1
23.Rcxd1 Be6 24.Bb1 Nd7 25.Rc1 Rc8 26.f4 f6 27.Bf2 b6 28.cxb6 Rb7 29.Red1 Rxb6
30.Bxd4 c5 31.Be3 Rc7 32.Rd2 a5 33.Bc2 Rb4 34.a3 Rb2 35.Ba4 Rxd2 36.Bxd2 c4
37.Bb5 a4 38.Bb4 Nb6 39.Kf2 f5 40.Ke3 fxe4 41.Kxe4 Bd5+ 42.Kd4 Bxg2 43.Ba5 Rb7
44.Bxb6 Rxb6 45.Kc5 Rf6 46.Bxa4 Rf5+ 47.Kb4 Rxf4 48.Rxc4 g5 49.Kc5 Rxc4+
50.Kxc4 g4 51.Kd4 h5 52.Kc3 h4 53.Kd2 Bd5 54.Bd7 g3 55.hxg3 hxg3 56.Ke3 Kf7  1/2-1/2

[Event "Grand Prix Open"]
[Site "Galatzi ROM"]
[Date "2007.05.13"]
[Round "7"]
[White "Manolache,M"]
[Black "Cosma,E"]
[Result "1-0"]
[WhiteElo "2504"]
[BlackElo "2373"]

1.d4 d5 2.Nf3 c6 3.c4 Nf6 4.e3 e6 5.Nc3 Nbd7 6.Qc2 Be7 7.b3 b6 8.Bb2 Bb7
9.Bd3 Rc8 10.O-O O-O 11.Rfd1 h6 12.Qe2 Qc7 13.Rac1 Qb8 14.Bb1 Rfe8 15.h3 Rcd8
16.Qc2 Nf8 17.Ne5 c5 18.Qe2 dxc4 19.bxc4 cxd4 20.exd4 N8d7 21.f4 Nf8 22.Kh1 Ba8
23.Bc2 Rc8 24.Ba4 Red8 25.Bb3 Bb4 26.Kh2 Qb7 27.d5 exd5 28.Nxd5 Nxd5 29.cxd5 Bd6
30.Qg4 f6 31.Nc4 Rxc4 32.Rxc4 Kh8 33.Kh1 Qe7 34.Rc2 Bb7 35.Re2 Qf7 36.Rc1 Ng6
37.Qh5 Kg8 38.g3 Qd7 39.Qxg6  1-0

[Event "ch-LTU"]
[Site "Siauliai LTU"]
[Date "2007.05.13"]
[Round "11"]
[White "Butnorius,A"]
[Black "Sakalauskas,V"]
[Result "1/2-1/2"]
[WhiteElo "2402"]
[BlackElo "2423"]

1.c4 e6 2.d4 d5 3.Nc3 c6 4.e3 Nf6 5.Nf3 Nbd7 6.Qc2 Bd6 7.Be2 O-O 8.O-O dxc4
9.Bxc4 b5 10.Bd3 Bb7 11.a3 a5 12.Rd1 Qc7 13.e4 e5 14.Ne2 c5 15.dxc5 Bxc5
16.Be3  1/2-1/2

[Event "Mitropa Cup Women"]
[Site "Szeged HUN"]
[Date "2007.05.13"]
[Round "6"]
[White "Rozic,V"]
[Black "Domany,Z"]
[Result "1/2-1/2"]
[WhiteElo "2246"]
[BlackElo "2167"]

1.d4 d5 2.c4 c6 3.e3 Nf6 4.Nc3 e6 5.Nf3 Nbd7 6.Qc2 Bd6 7.Bd3 O-O 8.O-O Re8
9.Rd1 Qe7 10.h3 e5 11.dxe5 Nxe5 12.Nxe5 Qxe5 13.f4 Qh5 14.cxd5 cxd5 15.Nb5 Bb8
16.Nd4 Bd6 17.Nb5 Bb8 18.Nd4 Bd6  1/2-1/2

[Event "FSIM May"]
[Site "Budapest HUN"]
[Date "2007.05.15"]
[Round "11"]
[White "Galyas,M"]
[Black "Werner,Di"]
[Result "1-0"]
[WhiteElo "2444"]
[BlackElo "2358"]

1.d4 d5 2.c4 c6 3.Nc3 Nf6 4.e3 e6 5.Nf3 Nbd7 6.Qc2 Bd6 7.Bd3 O-O 8.O-O dxc4
9.Bxc4 a6 10.a4 c5 11.Rd1 Qc7 12.Ne4 Be7 13.Bd3 Nxe4 14.Bxe4 Nf6 15.Bd3 Bd6
16.dxc5 Qxc5 17.Qxc5 Bxc5 18.b3 b6 19.Bb2 Bb7 20.Ng5 Rfd8 21.Bxf6 gxf6 22.Bxh7+ Kg7
23.Be4 fxg5 24.Bxb7 Rxd1+ 25.Rxd1 Ra7 26.Bf3 f5 27.g4 Kf6 28.Be2 a5 29.Kg2 Re7
30.Rd8 Rc7 31.Bc4 Rc6 32.h3 Rd6 33.Rf8+ Kg7 34.Re8 Kf6 35.Kf3 Bb4 36.Rg8 Rd2
37.Rh8  1-0

[Event "FSGM May"]
[Site "Budapest HUN"]
[Date "2007.05.15"]
[Round "14"]
[White "Koons,N"]
[Black "Kosic,D"]
[Result "1/2-1/2"]
[WhiteElo "2289"]
[BlackElo "2507"]

1.d4 d5 2.c4 c6 3.Nf3 Nf6 4.Nc3 e6 5.e3 Nbd7 6.Bd3 dxc4 7.Bxc4 b5 8.Bd3 a6
9.e4 c5 10.e5 cxd4 11.Nxb5 Nxe5 12.Nxe5 axb5 13.Bxb5+ Bd7 14.Nxd7 Qa5+ 15.Bd2 Qxb5
16.Nxf8 Kxf8 17.b3 Ke7 18.a4 Qe5+ 19.Qe2  1/2-1/2

[Event "25th Liechtenstein Open"]
[Site "Triesen LIE"]
[Date "2007.05.15"]
[Round "5"]
[White "Gorse,G"]
[Black "Schmidlechner,A"]
[Result "1-0"]
[WhiteElo "2058"]
[BlackElo "2246"]

1.d4 d5 2.c4 c6 3.e3 Nf6 4.Nc3 e6 5.Nf3 Nbd7 6.Qc2 Bd6 7.g4 dxc4 8.Bxc4 h6
9.Rg1 b5 10.Be2 Bb7 11.e4 e5 12.Be3 Qe7 13.dxe5 Nxe5 14.Nd4 g6 15.f3 a6 16.Nb3 Rd8
17.O-O-O c5 18.Rxd6 Qxd6 19.Bxc5 Qc6 20.Bb4 Nc4 21.Rd1 Rxd1+ 22.Qxd1 Qd7
23.Qg1 a5 24.Bc5 a4 25.Nd4 Bc6 26.b3 axb3 27.axb3 b4 28.Bxb4 Ne5 29.f4 Nxe4
30.Nxe4 Bxe4 31.fxe5 Qc7+ 32.Kb2 Qxe5 33.Bb5+ Kd8 34.Bc3 Kc8 35.Ba6+ Kc7
36.Nb5+  1-0

[Event "25th Liechtenstein Open"]
[Site "Triesen LIE"]
[Date "2007.05.15"]
[Round "5"]
[White "Nguyen Chi Minh"]
[Black "Hoffmann,Mi1"]
[Result "1/2-1/2"]
[WhiteElo "2345"]
[BlackElo "2473"]

1.d4 d5 2.c4 c6 3.Nc3 Nf6 4.Nf3 e6 5.e3 Nbd7 6.Qc2 Be7 7.b3 b6 8.Bb2 Bb7
9.Bd3 Qc7 10.O-O Rd8 11.Rac1 Qb8 12.Rfd1 h6 13.Qe2 O-O 14.e4 dxe4 15.Nxe4 c5
16.Nxf6+ Bxf6 17.Bb1 Rfe8 18.Be4 a6  1/2-1/2

[Event "25th Liechtenstein Open"]
[Site "Triesen LIE"]
[Date "2007.05.15"]
[Round "5"]
[White "Polzin,J"]
[Black "Ballon,G"]
[Result "0-1"]
[WhiteElo "1973"]
[BlackElo "2163"]

1.c4 c6 2.d4 d5 3.Nc3 Nf6 4.e3 e6 5.Nf3 Nbd7 6.Be2 Bd6 7.O-O O-O 8.b3 dxc4
9.Bxc4 e5 10.dxe5 Nxe5 11.Be2 Nxf3+ 12.Bxf3 Qc7 13.h3 Bf5 14.Bb2 Rad8 15.Qe1 Qe7
16.Rd1 Qe5 17.g3 Bxh3 18.Bg2 Qh5 19.Rd4 Ng4 20.Qd1 Bxg2 21.Kxg2 Qh2+ 22.Kf3 Ne5+
23.Ke2 Bc7 24.Ne4 Qh5+ 25.f3 Bb6 26.Rd6 f5 27.Ng5 Qxg5 28.Bxe5 Qxe3+  0-1

[Event "25th Liechtenstein Open"]
[Site "Triesen LIE"]
[Date "2007.05.15"]
[Round "5"]
[White "Halwachs,S"]
[Black "Peterson,Er"]
[Result "1/2-1/2"]
[WhiteElo "1986"]
[BlackElo "2302"]

1.d4 e6 2.c4 d5 3.Nf3 Nf6 4.e3 c6 5.Nc3 Nbd7 6.Bd3 Bd6 7.O-O O-O 8.e4 dxe4
9.Nxe4 Be7 10.Qc2 Qc7 11.Re1 h6 12.Bd2 b6 13.Bc3 Bb7 14.Ne5 Rad8 15.b4 Nxe4
16.Bxe4 Nf6 17.Bf3 Bd6 18.Rad1 Nd7 19.h3 Be7 20.a3 Bf6 21.Bg4 Bxe5 22.dxe5 c5
23.b5 Nb8 24.Rxd8 Rxd8 25.Rd1 Rd7 26.Rxd7 Qxd7 27.Qd1 Qxd1+ 28.Bxd1 Be4 29.Be2 Nd7
30.f4 Nf8 31.Kf2 Ng6 32.g3 Ne7 33.g4 Kf8 34.a4 Ke8 35.a5 Kd7 36.axb6 axb6
37.Ke3 Bg2 38.h4 h5 39.Kf2 Be4 40.Ke3 Bc2 41.Be1 hxg4 42.Bxg4 Bf5 43.Be2 Bb1
44.Bg4 Nf5+ 45.Bxf5 Bxf5 46.Kd2 Be4 47.Kc3 Ke8 48.Bf2 Ke7 49.Kd2 Bf3 50.Ke3 Bg2
51.Kd2 Bf1 52.Kc3 Be2 53.Be3 Kf8 54.Bf2 Bf3 55.Kb3 Ke7 56.Be1 Be2 57.Bc3 Bf1
58.Bb2 Bg2 59.Bc3 Bf3 60.Bb2 Bd1+ 61.Kc3  1/2-1/2

[Event "ch-USA"]
[Site "Stillwater USA"]
[Date "2007.05.16"]
[Round "2"]
[White "Gurevich,D"]
[Black "Shabalov,A"]
[Result "0-1"]
[WhiteElo "2518"]
[BlackElo "2606"]

1.d4 d5 2.c4 c6 3.Nf3 Nf6 4.Nc3 e6 5.e3 Nbd7 6.Qc2 Bd6 7.b3 O-O 8.Be2 b6
9.O-O Bb7 10.Bb2 Qe7 11.Rad1 Rad8 12.e4 Nxe4 13.Nxe4 dxe4 14.Qxe4 f5 15.Qc2 c5
16.Rfe1 Be4 17.Qd2 cxd4 18.Bxd4 e5 19.Bc3 Nc5 20.Qb2 Bxf3 21.Bxf3 e4 22.g3 Qg5
23.h4 Qg6 24.h5 Qg5 25.Bg2 f4 26.Rd5 Qg4 27.Bxe4 Nxe4 28.Rxe4 Bc5 29.Qd2 Qxg3+
30.Kf1 Qh4 31.Rxf4 Qh1+ 32.Ke2 Rfe8+  0-1

[Event "Mitropa Cup Men"]
[Site "Szeged HUN"]
[Date "2007.05.16"]
[Round "9"]
[White "Le Roux,JP"]
[Black "Smolen,J"]
[Result "1/2-1/2"]
[WhiteElo "2447"]
[BlackElo "2327"]

1.Nf3 d5 2.c4 c6 3.e3 Nf6 4.Nc3 e6 5.d4 Nbd7 6.Qc2 b6 7.cxd5 cxd5 8.Nb5 Bb4+
9.Bd2 Bxd2+ 10.Nxd2 O-O 11.Bd3 Ba6 12.O-O Bxb5 13.Bxb5 Rc8 14.Qa4 Qc7 15.Ba6 Qc2
16.Nb3 Rcd8 17.Rac1 Qxb2 18.Rfe1 b5 19.Bxb5 Nb6 20.Qxa7 Nc4 21.Rb1 Qc2 22.Rec1 Qf5
23.Bxc4 dxc4 24.Nd2 Ng4 25.Nf3 Ra8 26.Qc5 Rxa2 27.Qxf5 exf5 28.Rxc4 Nxf2
29.Ne5 Ng4 30.Nxg4 fxg4 31.d5 Rd2 32.Rb5 Ra8 33.Ra4 Rc8 34.Rc4 Ra8 35.Ra4  1/2-1/2

[Event "25th Liechtenstein Open"]
[Site "Triesen LIE"]
[Date "2007.05.17"]
[Round "7"]
[White "Mira,H"]
[Black "Krumm,J"]
[Result "1-0"]
[WhiteElo "2171"]
[BlackElo "2087"]

1.Nf3 d5 2.d4 Nf6 3.c4 c6 4.Nc3 e6 5.e3 Nbd7 6.Bd3 Be7 7.O-O O-O 8.e4 dxe4
9.Nxe4 c5 10.dxc5 Nxe4 11.Bxe4 Nxc5 12.Bc2 Qc7 13.b4 Nd7 14.Qd3 g6 15.Bb2 Bxb4
16.Ng5 e5 17.f4 h6 18.Nxf7 Qb6+ 19.c5 Bxc5+ 20.Kh1 Kxf7 21.fxe5+ Ke7 22.Bb3 Nxe5
23.Bxe5 Bf5 24.Qe2 Be6 25.Bg7 Rxf1+ 26.Rxf1 Be3 27.Bxe6 Qxe6 28.Re1 Kf7 29.Bxh6 Rd8
30.Bxe3  1-0

[Event "25th Liechtenstein Open"]
[Site "Triesen LIE"]
[Date "2007.05.17"]
[Round "7"]
[White "Nguyen,C"]
[Black "Thesing,M"]
[Result "1-0"]
[WhiteElo "1769"]
[BlackElo "2396"]

1.d4 d5 2.c4 e6 3.Nc3 c6 4.e3 Nf6 5.Nf3 Nbd7 6.Qc2 a6 7.c5 Qe7 8.b4 e5 9.Be2 e4
10.Nd2 g6 11.Nb3 Bg7 12.a4 O-O 13.b5 h5 14.bxc6 bxc6 15.Na5 Nb8 16.Bd2 Bg4
17.Qb3 Bxe2 18.Nxe2 Ra7 19.Rb1 Nfd7 20.Nb7 h4 21.h3 f5 22.Nd6 g5 23.f4 exf3
24.gxf3 Kh8 25.Qd3 Qe6 26.Rg1 Bh6 27.Kd1 a5 28.f4 gxf4 29.Nxf4 Bxf4 30.exf4 Nf6
31.Qxf5 Qxf5 32.Nxf5 Ne4 33.Nxh4 Kh7 34.Nf3 Nd7 35.Ng5+ Kh6 36.Nxe4 dxe4
37.Ke2 Re8 38.f5+ Kh7 39.Rg6  1-0

[Event "25th Liechtenstein Open"]
[Site "Triesen LIE"]
[Date "2007.05.18"]
[Round "8"]
[White "Foisor,O"]
[Black "Jaracz,B"]
[Result "1/2-1/2"]
[WhiteElo "2427"]
[BlackElo "2273"]

1.c4 c6 2.d4 d5 3.e3 Nf6 4.Nc3 e6 5.Nf3 Nbd7 6.Qc2 Bd6 7.Bd3 O-O 8.O-O dxc4
9.Bxc4 b5 10.Be2 Bb7 11.Rd1 Qb8 12.Ne4 Nxe4 13.Qxe4 c5 14.Qh4 a6 15.b3 Qd8
16.dxc5 Nxc5 17.Ba3 Qxh4 18.Nxh4 Be7  1/2-1/2

[Event "Capo d'Orso"]
[Site "Porto Mannu PAL"]
[Date "2007.05.19"]
[Round "1"]
[White "Brugo,M"]
[Black "Virzi,E"]
[Result "1/2-1/2"]
[WhiteElo "2125"]
[BlackElo "1945"]

1.d4 d5 2.c4 e6 3.Nc3 c6 4.e3 Nf6 5.Nf3 Nbd7 6.Bd3 dxc4 7.Bxc4 b5 8.Bd3 Bb7
9.e4 b4 10.Na4 c5 11.e5 Nd5 12.O-O Rc8 13.Bg5 Be7 14.Bxe7 Qxe7 15.Nxc5 Nxc5
16.dxc5 O-O 17.Rc1 Nf4 18.Qd2  1/2-1/2

[Event "ch-USA"]
[Site "Stillwater USA"]
[Date "2007.05.19"]
[Round "5"]
[White "Ibragimov,I"]
[Black "Gurevich,D"]
[Result "1-0"]
[WhiteElo "2602"]
[BlackElo "2518"]

1.d4 d5 2.c4 c6 3.Nc3 Nf6 4.e3 e6 5.Nf3 Nbd7 6.Bd2 a6 7.Qc2 dxc4 8.Bxc4 b5
9.Bd3 c5 10.a4 cxd4 11.Nxd4 Nc5 12.Be2 b4 13.Na2 e5 14.Bxb4 exd4 15.Bxc5 d3
16.Bxd3 Bxc5 17.Qxc5 Qxd3 18.Qc6+ Bd7 19.Qxa8+ Ke7 20.Qb7  1-0

[Event "42nd Capablanca Mem Abierto"]
[Site "Havana CUB"]
[Date "2007.05.20"]
[Round "3"]
[White "Santos,Marcu"]
[Black "Colovic,A"]
[Result "1/2-1/2"]
[WhiteElo "2401"]
[BlackElo "2463"]

1.d4 d5 2.c4 c6 3.Nc3 Nf6 4.e3 e6 5.Nf3 Nbd7 6.Bd3 dxc4 7.Bxc4 b5 8.Bd3 Bb7
9.e4 b4 10.Na4 c5 11.e5 Nd5 12.O-O h6 13.Nxc5 Nxc5 14.dxc5 Bxc5 15.Bb5+ Kf8
16.Qe2  1/2-1/2

[Event "1st WCh-Team Women"]
[Site "Ekaterinburg RUS"]
[Date "2007.05.21"]
[Round "2"]
[White "Nill,J"]
[Black "Zawadzka,J"]
[Result "0-1"]
[WhiteElo "2283"]
[BlackElo "2348"]

1.d4 d5 2.c4 e6 3.Nf3 c6 4.e3 Nf6 5.Nc3 Nbd7 6.Bd3 dxc4 7.Bxc4 b5 8.Bb3 a6
9.O-O c5 10.dxc5 Bxc5 11.a3 Bb7 12.Qe2 Rc8 13.Bd2 O-O 14.Rfd1 Qc7 15.h3 Ba7
16.Rac1 Nc5 17.Bc2 Qb8 18.Be1 Qa8 19.b4 Ncd7 20.Bb1 Nb6 21.Ba2 Nc4 22.a4 Bxf3
23.gxf3 Ne5 24.Kg2 Ng6 25.Bb1 Nh4+ 26.Kg3 g5  0-1

[Event "3rd UKR Games Men"]
[Site "Evpatoria UKR"]
[Date "2007.05.21"]
[Round "1"]
[White "Peskov,A"]
[Black "Zubov,A UKR"]
[Result "1/2-1/2"]
[WhiteElo "2366"]
[BlackElo "2542"]

1.d4 d5 2.c4 e6 3.Nc3 c6 4.e3 Nf6 5.Nf3 Nbd7 6.Bd3 Bd6 7.e4 dxc4 8.Bxc4 b5
9.Bxe6 fxe6 10.e5 Bc7 11.exf6 Nxf6 12.O-O O-O 13.Bg5 b4 14.Ne4 Qd5 15.Nxf6+ gxf6
16.Bh4 Bb7 17.a3 Bd6 18.Bg3 Be7 19.Qe2 Rfe8 20.Rfe1 Bf8 21.Qe3 bxa3 22.bxa3 Rad8
23.Qf4 Bg7 24.Rac1 Qd7 25.h3 Qf7 26.Rc3 Rd5 27.Qc1 Bf8 28.Bf4 Ba8 29.Bh6 Bd6
30.Ne5 fxe5 31.Rg3+ Kh8 32.Bg7+ Qxg7 33.Rxg7 Kxg7 34.Qg5+ Kh8 35.Qf6+ Kg8
36.Qg5+ Kh8 37.Qf6+ Kg8 38.Re3 exd4 39.Rf3 Rb8 40.Qxe6+ Kh8 41.Qf6+ Kg8  1/2-1/2

[Event "42nd Capablanca Mem Abierto"]
[Site "Havana CUB"]
[Date "2007.05.21"]
[Round "4"]
[White "Hernandez Carmenates,Hold"]
[Black "Prasca,R"]
[Result "1-0"]
[WhiteElo "2541"]
[BlackElo "2439"]

1.d4 d5 2.c4 c6 3.Nc3 Nf6 4.e3 e6 5.Nf3 Nbd7 6.Bd3 dxc4 7.Bxc4 b5 8.Bd3 Bb7
9.O-O a6 10.e4 c5 11.d5 Qc7 12.dxe6 fxe6 13.Bc2 Bd6 14.Ng5 Nf8 15.f4 O-O-O
16.Qe2 e5 17.a4 b4 18.Nd5 Nxd5 19.exd5 exf4 20.Rxf4 Bxd5 21.Rf5 Bxh2+ 22.Kh1 g6
23.Rxd5 Rxd5 24.Be4 Rd6 25.Qg4+ Rd7 26.Be3 Bd6 27.Qe2 h6 28.Qxa6+ Kd8 29.Nf3 Ke7
30.Qc4 Kf6 31.a5 Ne6 32.a6 Bf4 33.Bg1 Ng5 34.a7 Nxf3 35.Bxf3 Qe5 36.a8=Q Rxa8
37.Rxa8 Qe1  1-0

[Event "50th TCh-SRB Cup"]
[Site "Mataruska Banja SRB"]
[Date "2007.05.21"]
[Round "1"]
[White "Levnajic,P"]
[Black "Jakovljevic,Zi"]
[Result "1-0"]
[WhiteElo "2245"]
[BlackElo "2151"]

1.d4 d5 2.c4 c6 3.Nf3 e6 4.e3 Nf6 5.Nc3 Nbd7 6.Bd3 Be7 7.O-O O-O 8.e4 dxe4
9.Nxe4 Nxe4 10.Bxe4 c5 11.Bc2 cxd4 12.Nxd4 Nf6 13.Be3 Bd7 14.Qe2 a6 15.Rfd1 Qc7
16.Rac1 Rfe8 17.Bg5 g6 18.Bh4 Nh5 19.Bxe7 Rxe7 20.Nf5 Ree8 21.Nd6 Rf8 22.Be4 Bc6
23.Bxc6 Qxc6 24.Qe5 Ng7 25.Ne4 Ne8 26.Nc5 Rc8 27.Nd7 f6 28.Qe3 Rf7 29.Nb6 Rb8
30.c5 Nc7 31.Rd6 Qe8 32.Rcd1 e5 33.Nd7 Rc8 34.Nxf6+ Rxf6 35.Rxf6 Qe7 36.Rfd6 Ne6
37.Qxe5 Re8 38.Re1 Kf7 39.Qd5 Qf6 40.h4 h6 41.Qxb7+ Kf8 42.Qd5 Kf7 43.Re3  1-0

[Event "Capo d'Orso"]
[Site "Porto Mannu PAL"]
[Date "2007.05.21"]
[Round "3"]
[White "Ciampi,V"]
[Black "Priori,L"]
[Result "1-0"]
[WhiteElo "2106"]
[BlackElo "1819"]

1.c4 c6 2.Nc3 Nf6 3.d4 d5 4.Nf3 e6 5.e3 Bd6 6.Qc2 O-O 7.Bd2 a6 8.e4 dxe4
9.Nxe4 h6 10.Bc3 Nh7 11.Bd3 f5 12.Nxd6 Qxd6 13.a3 Qd8 14.O-O b6 15.Rfe1 Ra7
16.Rad1 a5 17.Ne5 Re8 18.Qe2 Qg5 19.Nf3 Qh5 20.d5 Rae7 21.Qe5 Nd7 22.Qd6 cxd5
23.cxd5 Bb7 24.Bb5 Qf7 25.dxe6 Rxe6 26.Rxe6 Rxe6 27.Qxd7 Re7 28.Qd3 Be4 29.Qc4 Bxf3
30.Rd8+ Nf8 31.Qxf7+ Kxf7 32.gxf3 Nh7 33.Bc4+ Kg6 34.Rd6+ Kh5 35.Rxb6 Ng5
36.Kg2 Rc7 37.Bd2 g6  1-0

[Event "16th TCh-CRO"]
[Site "Sibenik CRO"]
[Date "2007.05.21"]
[Round "5"]
[White "Bukal,V sr"]
[Black "Ramesa,D"]
[Result "1/2-1/2"]
[WhiteElo "2419"]
[BlackElo "2265"]

1.c4 Nf6 2.Nc3 c6 3.Nf3 d5 4.e3 e6 5.d4 a6 6.a3 Nbd7 7.Qc2 Be7 8.b3 O-O 9.Bd3 b5
10.O-O bxc4 11.bxc4 dxc4 12.Bxc4 c5 13.Rd1 Qc7 14.Bd3 Bb7 15.Ne4 Bxe4 16.Bxe4 Nxe4
17.Qxe4 Nf6 18.Qc2 Rfc8 19.dxc5 Qxc5 20.Qxc5 Rxc5 21.a4 Rd5 22.Rxd5 Nxd5
23.Bd2 Rc8 24.Kf1 Bf6 25.Rb1 Bc3 26.Rc1 Rc7 27.Ke2 Kf8 28.e4 Bxd2 29.Rxc7 Nxc7
30.Kxd2 Ke7 31.Kc3 h6 32.Kb4 Kd6 33.Nd2 Kc6 34.Nc4 f6 35.f4 f5 36.Ne5+ Kd6
37.Nc4+ Kc6 38.exf5 exf5 39.g3 Ne6 40.Ne3 g6 41.Kc4 Kd6 42.Nd5 g5 43.Ne3 Ng7
44.Kb4 Kc6 45.Ka5 Kb7 46.Nc4 gxf4 47.gxf4 Ka7 48.Nd6 h5 49.Kb4 Ne6 50.Nxf5 Kb6
51.a5+ Kc7 52.Kc4 Nxf4 53.Nd4 Kd6 54.Nb3 Kc6 55.Nc5 Ng2 56.Nxa6 Ne3+ 57.Kb4 Ng4
58.h3 Nf2 59.h4 Nd3+ 60.Ka4 Nc5+ 61.Nxc5 Kxc5 62.Kb3 Kb5 63.Kc3 Kxa5 64.Kd4 Kb6  1/2-1/2

[Event "3rd UKR Games Men"]
[Site "Evpatoria UKR"]
[Date "2007.05.22"]
[Round "2"]
[White "Khodotov,G"]
[Black "Veremiy,B"]
[Result "1-0"]
[WhiteElo "2217"]
[BlackElo "2206"]

1.d4 d5 2.c4 e6 3.Nc3 c6 4.e3 Nf6 5.Nf3 Nbd7 6.Bd3 dxc4 7.Bxc4 b5 8.Be2 b4
9.Na4 Qa5 10.b3 c5 11.O-O Bb7 12.Bb2 Be7 13.Nd2 O-O 14.Bf3 Bxf3 15.Qxf3 cxd4
16.Bxd4 Rac8 17.Rac1 e5 18.Bb2 Qd5 19.Rfd1 Rxc1 20.Bxc1 Nb6 21.Nxb6 axb6
22.Nc4 Qc5 23.a4 e4 24.Qf4 Nd5 25.Qe5 Nc3 26.Qxc5 Bxc5 27.Rd2 Rb8 28.Kf1 Kf8
29.Bb2 Ke7 30.Rc2 Rd8 31.Bxc3 bxc3 32.Rxc3 Rd1+ 33.Ke2 Rh1 34.Nd2 Rxh2 35.Nxe4 Ba3
36.Rc7+ Kd8 37.Rxf7 Rxg2 38.Ng3 Bb2 39.Rb7 Be5 40.Kf3 Rg1 41.Rxb6 Bxg3 42.fxg3 Rf1+
43.Ke2 Rg1 44.Kf2 Rb1 45.a5 Kc7 46.b4 Ra1 47.Kf3 Rb1 48.Ke2 Ra1 49.e4 Ra3
50.Kf2 Rb3 51.e5 g5 52.e6 g4 53.e7 Rf3+ 54.Ke2 Kd7 55.Rb7+  1-0

[Event "3rd UKR Games Men"]
[Site "Evpatoria UKR"]
[Date "2007.05.23"]
[Round "4"]
[White "Miroshnichenko,E"]
[Black "Borovikov,V"]
[Result "1/2-1/2"]
[WhiteElo "2646"]
[BlackElo "2584"]

1.d4 d5 2.c4 c6 3.Nf3 Nf6 4.Nc3 e6 5.e3 Nbd7 6.Qc2 Bd6 7.g4 Bb4 8.Bd2 Qe7
9.Bd3 Bxc3 10.Bxc3 dxc4 11.Bxc4 b5 12.g5  1/2-1/2

[Event "3rd UKR Games Men"]
[Site "Evpatoria UKR"]
[Date "2007.05.23"]
[Round "4"]
[White "Gutman,G"]
[Black "Matjushin,G"]
[Result "1/2-1/2"]
[WhiteElo "2490"]
[BlackElo "2504"]

1.d4 d5 2.Nf3 c6 3.c4 Nf6 4.Nc3 e6 5.e3 a6 6.c5 Nbd7 7.b4 g6 8.Bb2 Bg7 9.Bd3 e5
10.dxe5 Ng4 11.e4 dxe4 12.Nxe4 O-O 13.O-O Ndxe5 14.Nxe5 Nxe5 15.Nd6 Qh4 16.Rb1 Be6
17.Qe2 Nxd3 18.Qxd3 Bxa2 19.Bxg7 Kxg7 20.Rb2 Bd5 21.Nxb7 Rfb8 22.Nd6 a5 23.b5 a4
24.bxc6 Bxc6 25.Rb6 Rxb6 26.cxb6 Qf6 27.Ne4 Bxe4 28.Qxe4 Rb8 29.Qxa4  1/2-1/2

[Event "3rd UKR Games Men"]
[Site "Evpatoria UKR"]
[Date "2007.05.23"]
[Round "5"]
[White "Moiseenko,A1"]
[Black "Borovikov,V"]
[Result "1/2-1/2"]
[WhiteElo "2630"]
[BlackElo "2584"]

1.d4 d5 2.c4 c6 3.Nc3 Nf6 4.Nf3 e6 5.e3 Nbd7 6.Bd3 dxc4 7.Bxc4 b5 8.Bd3 Bb7
9.a3 Bd6 10.O-O O-O 11.e4 e5 12.dxe5 Nxe5 13.Nxe5 Bxe5 14.f4 Bd4+ 15.Kh1 Bxc3
16.bxc3 c5 17.e5  1/2-1/2

[Event "National Masters"]
[Site "Lisbon POR"]
[Date "2007.05.23"]
[Round "3"]
[White "Dias,P"]
[Black "Santos,An"]
[Result "1-0"]
[WhiteElo "2417"]
[BlackElo "2265"]

1.d4 d5 2.c4 e6 3.Nf3 c6 4.e3 Nf6 5.Nc3 Nbd7 6.Qc2 Be7 7.b3 O-O 8.Bd3 a6
9.O-O Qc7 10.Bb2 h6 11.Rfe1 b5 12.c5 b4 13.Ne2 a5 14.a3 bxa3 15.Rxa3 Ba6
16.Rea1 Bxd3 17.Qxd3 Ra7 18.Ng3 Rfa8 19.Bc3 g6 20.Qd2 Bd8 21.Qa2 Qb8 22.Ra4 g5
23.h3 Bc7 24.Be1 g4 25.hxg4 Nxg4 26.Nf1 f5 27.b4 Qe8 28.bxa5 Qh5 29.a6 Kh8
30.Rb1 Rg8 31.Rb7 Rxb7 32.axb7 Nxe3 33.Ng3 Qg4 34.fxe3 Bxg3 35.Bxg3 Qxg3
36.Qf2 Qxf2+ 37.Kxf2 Rb8 38.Ra8 Kg7 39.Rxb8 Nxb8 40.Ne5 Kf6 41.Kg3 Kg5 42.Nf3+ Kf6
43.Kf4 Nd7 44.Ne5 Nb8 45.Kg3 Kg5 46.Kf3 Kf6 47.Kf4 Ke7 48.Nd3 Kf6 49.Kg3 Ke7
50.Kh4 Kd7 51.Kh5 Kc7 52.Kxh6 Kxb7 53.Kg6 Nd7 54.Kf7 e5 55.dxe5  1-0

[Event "3rd UKR Games Men"]
[Site "Evpatoria UKR"]
[Date "2007.05.24"]
[Round "6"]
[White "Fingerov,D"]
[Black "Veremiy,B"]
[Result "1/2-1/2"]
[WhiteElo "2327"]
[BlackElo "2206"]

1.d4 d5 2.c4 e6 3.Nc3 c6 4.e3 Nf6 5.Nf3 Nbd7 6.Qc2 Bd6 7.Bd3 O-O 8.O-O dxc4
9.Bxc4 e5 10.h3 Qe7 11.b3 b5 12.Bd3 Bb7 13.Ng5 h6 14.Nge4 b4 15.Nxd6 Qxd6
16.Ne4 Nxe4 17.Bxe4 Nf6 18.Bf3 exd4 19.Rd1 Qe7 20.Rxd4 Rab8 21.Rc4 Nd7 22.Bb2 c5
23.Bxb7 Rxb7 24.Re4 Qd6 25.Rd1 Qg6 26.Qd3 Nf6 27.Bxf6 Qxf6 28.Qd5 Rc7 29.g4 Qf3
30.h4 Rd7 31.Qxd7 Qxe4 32.Kh2 h5 33.Kg3 Qe5+ 34.Kf3 hxg4+ 35.Kxg4 Re8 36.Rd5 Qe4+
37.Kg3 Re5 38.Rxe5 Qxe5+ 39.Kf3 Qf6+ 40.Kg3 Qg6+ 41.Kf3 Qh5+ 42.Kg2 Qxh4
43.Qc8+ Kh7 44.Qxc5 Qg4+  1/2-1/2

[Event "XXXVII Bosnia GM"]
[Site "Sarajevo BIH"]
[Date "2007.05.24"]
[Round "6"]
[White "Sokolov,Iv NED"]
[Black "Predojevic,B"]
[Result "1/2-1/2"]
[WhiteElo "2655"]
[BlackElo "2609"]

1.d4 d5 2.c4 c6 3.Nf3 Nf6 4.Nc3 e6 5.e3 Nbd7 6.Bd3 dxc4 7.Bxc4 b5 8.Bd3 Bb7
9.O-O a6 10.a4 b4 11.Nb1 c5 12.Nbd2 cxd4 13.exd4 Bd6 14.Nc4 Qb8 15.h3 O-O
16.Re1 Bd5 17.Nxd6 Qxd6 18.Ne5 Bb7 19.Bf4 Qd5 20.Bf1 Rac8 21.a5 Rfd8 22.Qd2 Ne4
23.Qxb4 Nxf2 24.Kxf2 Rc2+ 25.Re2 Rxe2+ 26.Bxe2 Qxg2+ 27.Ke1 Nxe5 28.Bxe5 Qg1+
29.Bf1 Qe3+ 30.Be2 Qg1+ 31.Bf1 Qe3+ 32.Be2 Qg1+ 33.Kd2 Qg5+ 34.Ke1 Qg1+  1/2-1/2